| 000 | 00587nam a22002057a 4500 | ||
|---|---|---|---|
| 005 | 20170124110110.0 | ||
| 010 | _a847031 | ||
| 020 |
_c00.00 _a33390169 |
||
| 035 | _a847031 | ||
| 037 | _bCen Lib/Ret | ||
| 040 |
_aDPL _bEN |
||
| 082 |
_a900 _bWEB |
||
| 100 |
_aWebster, John C B _93685 |
||
| 245 |
_aAn introduction to history / _cby John C B Webster |
||
| 260 |
_aDelhi _bMacmillian _c1977 |
||
| 300 |
_axi,172p. _c21cm(Hb) |
||
| 650 |
_aIndia -- Historiography _928911 |
||
| 650 |
_aHistory -- Study and teaching -- India _928912 |
||
| 942 |
_2ddc _cEN _h900 _mWEB |
||
| 999 |
_c130324 _d130324 |
||